LEGO Marvel Super Heroes: Playable Characters by Picture - Statistics

General Stats
  • This quiz has been taken 145 times
  • The average score is 102 of 141
Answer Stats
Picture Answer % Correct
Ant-Man | Hank Pym
96%
Aunt May
96%
Beast | Hank McCoy
96%
Captain America | Steve Rogers
96%
Black Widow | Natasha Romanoff
95%
Deadpool | Wade Wilson
95%
Carnage | Cletus Kasady
93%
Cyclops | Scott Summers
93%
Doctor Doom | Victor Von Doom
93%
Doctor Strange | Stephen Strange
93%
Black Panther | T'Challa
92%
Black Cat | Felicia Hardy
91%
Blade | Eric Brooks
91%
Daredevil | Matt Murdock
91%
Doctor Octopus | Otto Octavius
91%
Galactus | Galan
89%
Abomination | Emil Blonsky
88%
Colossus | Piotr Rasputin
88%
Drax the Destroyer | Arthur Douglas
88%
Iron Man | Tony Stark
88%
Gamora
87%
Green Goblin | Norman Osborn
87%
Hawkeye | Clint Barton
87%
Mister Fantastic | Reed Richards
87%
Nick Fury
87%
Red Hulk | Thaddeus "Thunderbolt" Ross
87%
Rhino | Aleksei Sytsevich
87%
Rocket Raccoon
87%
Agent Phil Coulson
85%
Ghost Rider | Johnny Blaze
85%
Human Torch | Johnny Storm
85%
Loki
85%
Red Skull | Johann Schmidt
85%
A-Bomb | Rick Jones
84%
Blob | Frederick Dukes
84%
Captain Britain | Brian Braddock
84%
Electro | Max Dillon
84%
Elektra
84%
Invisible Woman | Sue Storm-Richards
84%
Lady Liberty
84%
Magneto | Max Eisenhardt
84%
Professor X | Charles Xavier
84%
Black Bolt | Blackagar Boltagon
83%
Falcon | Sam Wilson
83%
Heimdall
83%
Iceman | Bobby Drake
83%
Iron Fist | Danny Rand
83%
J. Jonah Jameson
83%
Juggernaut | Cain Marko
83%
Kingpin | Wilson Fisk
83%
Moon Knight | Marc Spector
83%
Mysterio | Quentin Beck
83%
Mystique | Raven Darkhölme
83%
Odin
83%
Phoenix | Jean Grey-Summers
83%
Agent Maria Hill
81%
Gambit | Remy LeBeau
81%
Gwen Stacy
81%
Lizard | Curt Connors
81%
Mary Jane Watson
81%
Sandman | Flint Marko
81%
Howard the Duck
80%
M.O.D.O.K. | George Tarleton
80%
Spider-Man | Peter Parker
80%
Stan Lee
80%
Groot
79%
Nova | Sam Alexander
79%
Bullseye | Lester
77%
Spider-Woman | Jessica Drew
77%
Storm | Ororo Munroe
77%
H.E.R.B.I.E.
76%
Power Man | Luke Cage
76%
Ronan the Accuser
76%
Silver Surfer | Norrin Radd
76%
The Incredible Hulk | Bruce Banner
76%
Aldrich Killian
75%
Beetle | Abner Jenkins
75%
Kraven the Hunter | Sergei Kravinoff
75%
Thanos
75%
Thor
75%
Archangel | Warren Worthington III
73%
Arnim Zola
73%
Doombot
73%
Ms. Marvel | Carol Danvers
73%
She-Hulk | Jen Walters
73%
The Thing | Ben Grimm
72%
Absorbing Man | Carl "Crusher" Creel
71%
Pyro | St. John Allerdyce
71%
Beta Ray Bill
69%
Dormammu
69%
Venom | Eddie Brock
69%
The Punisher | Frank Castle
68%
Wasp | Janet Van Dyne
68%
Sabretooth | Victor Creed
67%
Superior Spider-Man | Otto Octavius
65%
Taskmaster | Tony Masters
65%
War Machine | James Rhodes
65%
Wolverine | James Howlett
65%
HYDRA Agent
64%
Leader | Samuel Sterns
64%
Psylocke | Betsy Braddock
64%
Sentinel
64%
Shocker | Herman Schultz
64%
Vulture | Adrian Toomes
64%
A.I.M. Agent
63%
Super-Skrull | Kl'rt
63%
The Mandarin
63%
Whiplash | Ivan Vanko
63%
Winter Soldier | Bucky Barnes
63%
Star-Lord | Peter Quill
61%
Unbeatable Squirrel Girl | Doreen Green
61%
The Destroyer Automaton
60%
Doombot (V-Series)
59%
Silver Samurai | Kenuichio Harada
59%
Symbiote Scientist
59%
The Mandarin | Trevor Slattery
59%
Rescue | Pepper Potts
57%
Frost Giant
53%
White Queen | Emma Frost
53%
Havok | Alex Summers
51%
Lady Sif
49%
Malekith the Accursed
49%
Sandman Goon
49%
Jane Foster
48%
Mastermind | Jason Wyngarde
45%
Nightmare
45%
Toad | Mortimer Toynbee
45%
Kurse | Älgrim
44%
Laufey
44%
Polaris | Lorna Dane
44%
S.H.I.E.L.D. Agent
44%
Union Jack | James Montgomery Falsworth
41%
Viper | Ophelia Sarkissian
41%
Wizard | Bentley Wittman
41%
Damage Control
40%
Fandral
37%
Magneto Acolyte
36%
Roxxon Guard
36%
Kingpin Henchman
35%
Volstagg
33%
Hogun
32%
No matching quizzes found
Score Distribution
Percent of People with Each Score
Percentile by Number Answered
Your Score History
You have not taken this quiz